| 000 | 00566cam a2200181 4500500 | ||
|---|---|---|---|
| 005 | 20260329005356.0 | ||
| 041 | _afre | ||
| 042 | _adc | ||
| 100 | 1 | 0 |
_aDurand, Jean-Marie _eauthor |
| 245 | 0 | 0 | _aLe Neutre. Cours au Collège de France (1978) |
| 260 | _c2023. | ||
| 500 | _a80 | ||
| 690 | _aCollège de France | ||
| 690 | _aNeutre | ||
| 690 | _aRoland Barthes | ||
| 786 | 0 | _nPhilosophie magazine | 170 | 6 | 2023-06-01 | p. 53-53 | 1951-1787 | |
| 856 | 4 | 1 | _uhttps://shs.cairn.info/magazine-philosophie-magazine-2023-6-page-53?lang=fr&redirect-ssocas=7080 |
| 999 |
_c1842801 _d1842801 |
||